logo

Bir Sreshtho Munshi Abdur Rouf Library
Jhenaidah Cadet College

ভূ-বিদ্যা-পরিভাষা-কোষ / (Record no. 4006)

MARC details
000 -LEADER
fixed length control field 00836nam a2200217 a 4500
001 - CONTROL NUMBER
JCCL Control Number 4006
003 - CONTROL NUMBER IDENTIFIER
JCCL marc code BD-JhCC
005 - DATE AND TIME OF LATEST TRANSACTION
control field 20180305122447.0
008 - FIXED-LENGTH DATA ELEMENTS--GENERAL INFORMATION
fixed length control field 171120s1968 bg |||| |||| 000 0 ben d
035 ## - SYSTEM CONTROL NUMBER
system control number (BD-JhCC)
040 ## - CATALOGING SOURCE
Original cataloging agency BD-JhCC
Modifying agency BD-JhCC
041 ## - LANGUAGE CODE
Language code of Book ben
082 ## - DEWEY DECIMAL CLASSIFICATION NUMBER
Classification number 910.3
Author mark and Year BHU 1968
100 ## - MAIN ENTRY--PERSONAL NAME
Personal name হক, মুহম্মদ এনামুল
245 ## - TITLE STATEMENT
Title ভূ-বিদ্যা-পরিভাষা-কোষ /
Statement of responsibility, etc কেন্দ্রীয় বাঙলা উন্নয়ন বোর্ড
260 ## - PUBLICATION, DISTRIBUTION, ETC. (IMPRINT)
Place of publication, distribution, etc ঢাকা:
Name of publisher, distributor, etc কেন্দ্রীয় বাঙলা উন্নয়ন বোর্ড,
Date of publication, distribution, etc ১৯৬৮
300 ## - PHYSICAL DESCRIPTION
Pagination 65 p.;
Dimensions 24 cm
650 ## - SUBJECT ADDED ENTRY--TOPICAL TERM
Topical term or geographic name as entry element Terminology of Geology
710 ## - ADDED ENTRY--CORPORATE NAME
Corporate name or jurisdiction name as entry element কেন্দ্রীয় বাঙলা উন্নয়ন বোর্ড
942 ## - ADDED ENTRY ELEMENTS (KOHA)
Source of classification or shelving scheme Dewey Decimal Classification
Koha item type Reference
Holdings
Source of classification or shelving scheme Damaged status Not for loan Home library Current library Shelving location Date of accession Cost, normal purchase price Total Checkouts Full call number Barcode Date last seen Copy number Koha item type
Dewey Decimal Classification   Not For Loan JCC Rouf Library JCC Rouf Library General Stacks 11/20/2017 2.00   910.3 BHU 1968 5480 11/20/2017 C-1 Reference
Dewey Decimal Classification   Not For Loan JCC Rouf Library JCC Rouf Library General Stacks 11/20/2017 2.00   910.3 BHU 1968 5466 11/20/2017 C-2 Reference
Dewey Decimal Classification   Not For Loan JCC Rouf Library JCC Rouf Library General Stacks 11/20/2017 2.00   910.3 BHU 1968 5456 11/20/2017 C-3 Reference

JCC Library | Contacts | JCC Home

Last Update on 23 September 2017
Copyright @ 2017-2020 JCC Rouf Library
Rouf Library, Jhenidah Cadet College (JCC), Bangladesh